Mere shresh rang ekanki. (Record no. 86338)
[ view plain ]
| 000 -LEADER | |
|---|---|
| fixed length control field | 00580nam a2200193Ia 4500 |
| 003 - CONTROL NUMBER IDENTIFIER | |
| control field | OSt |
| 005 - DATE AND TIME OF LATEST TRANSACTION | |
| control field | 20260306100928.0 |
| 008 - FIXED-LENGTH DATA ELEMENTS--GENERAL INFORMATION | |
| fixed length control field | 210210b1968 xxu||||| |||| 00| 0 eng d |
| 040 ## - CATALOGING SOURCE | |
| Transcribing agency | AL |
| 041 ## - LANGUAGE CODE | |
| Language code of text/sound track or separate title | Sanskrit |
| 082 ## - DEWEY DECIMAL CLASSIFICATION NUMBER | |
| Classification number | H891.2 ASHM |
| 100 ## - MAIN ENTRY--PERSONAL NAME | |
| Personal name | ASHK (Upendranath). |
| Dates associated with a name | अश्क (उपेन्द्रनाथ) |
| 9 (RLIN) | 180856 |
| 245 ## - TITLE STATEMENT | |
| Title | Mere shresh rang ekanki. |
| Remainder of title | .मेरे श्रेष रंग एकांकी |
| 260 ## - PUBLICATION, DISTRIBUTION, ETC. | |
| Place of publication, distribution, etc. | Dilli |
| Name of publisher, distributor, etc. | Neshanal Pbalishing Haus |
| Date of publication, distribution, etc. | 1968 |
| 300 ## - PHYSICAL DESCRIPTION | |
| Extent | 103 |
| 690 ## - LOCAL SUBJECT ADDED ENTRY--TOPICAL TERM (OCLC, RLIN) | |
| Topical term or geographic name as entry element | Hindi Drama |
| 9 (RLIN) | 180857 |
| 906 ## - LOCAL DATA ELEMENT F, LDF (RLIN) | |
| a | 035515 |
| 942 ## - ADDED ENTRY ELEMENTS (KOHA) | |
| Source of classification or shelving scheme | Dewey Decimal Classification |
| Koha item type | Book |
| Withdrawn status | Lost status | Source of classification or shelving scheme | Damaged status | Not for loan | Collection code | Home library | Current library | Shelving location | Date acquired | Cost, normal purchase price | Total Checkouts | Full call number | Barcode | Date last seen | Price effective from | Koha item type |
|---|---|---|---|---|---|---|---|---|---|---|---|---|---|---|---|---|
| Dewey Decimal Classification | Hindi | St Aloysius Library | St Aloysius Library | Secondary stack section | 02/17/2021 | 13.00 | H891.2 ASHM | 035515 | 02/17/2021 | 02/17/2021 | Book |